000 00293nam a2200121 a 4500
005 20141022142006.0
008 081003s19uu xx 00 eng d
050 _aVCD
_bI1 1996
245 _aInside the space station.
650 _aVCD.
650 _aInside the space station.
942 _cAVM
999 _c276529
_d276529